000 00534aam a2200217 4500
005 20251119143807.0
008 150721b1992 xxu||||| |||| 00| 0 spa d
020 _a9509714380
041 _aESP
082 _a363.256.2 L817b
100 _aLocles, Roberto Jorge
_95424
245 _aBalística y Pericia
260 _aArgentina
260 _bEdiciones La Rocca
260 _c1992
300 _a400 páginas
490 _aInvestigación Criminal
650 _aBALÍSTICA
650 _aANÁLISIS DE PRUEBAS
942 _cBK
_2ddc
999 _c123
_d123